| 000 | 00336nam a22001217a 4500 | ||
|---|---|---|---|
| 008 | 190312b xxu||||| |||| 00| 0 eng d | ||
| 041 | _aeng | ||
| 080 | _a043.3 | ||
| 100 | _a0 | ||
| 101 | _aSHKI-BA | ||
| 245 |
_aMbrojtja e sistemeve nga SQL Injection me anë të algoritmeve për enkriptim SHA-1 dhe MD5 _cRrustemi,V |
||
| 942 |
_2udc _cBK |
||
| 999 |
_c54712 _d54712 |
||